Leguminosae-Caesalpinioideae do Parque Estadual Paulo César Vinha, Espírito Santo, Brasil (Registro n. 330018)
[ somente texto ]
| 000 -LÍDER | |
|---|---|
| fixed length control field | 03217nab a2200289 i 4500 |
| 003 - CÓDIGO MARC DA AGÊNCIA CATALOGADORA | |
| Campo de controle | BR-BrBNA |
| 005 - DATA E HORA DA ÚLTIMA ATUALIZAÇÃO | |
| Campo de controle | 20250218111010.0 |
| 008 - CAMPO DE TAMANHO FIXO | |
| fixed length control field | 250218b2014 bl.qr|pooa||| 00| 0 por | |
| 040 ## - FONTE DA CATALOGAÇÃO | |
| Agência catalogadora | BR-BrBNA |
| Idioma da catalogação | por |
| 072 ## - CATEGORIA AGRIS | |
| Código AGRIS | F70 |
| 100 ## - ENTRADA PRINCIPAL - NOME PESSOAL | |
| Nome pessoal | Chagas, Aline Pitol |
| 100 ## - ENTRADA PRINCIPAL - NOME PESSOAL | |
| Nome pessoal | Peterle, Pollyana Lima |
| 100 ## - ENTRADA PRINCIPAL - NOME PESSOAL | |
| Nome pessoal | Thomaz, Luciana Dias |
| 100 ## - ENTRADA PRINCIPAL - NOME PESSOAL | |
| Nome pessoal | Dutra, Valquíria Ferreira |
| 100 ## - ENTRADA PRINCIPAL - NOME PESSOAL | |
| Nome pessoal | Valadares, Rodrigo Theófilo |
| 245 ## - TÍTULO PRINCIPAL | |
| Título principal | Leguminosae-Caesalpinioideae do Parque Estadual Paulo César Vinha, Espírito Santo, Brasil |
| 500 ## - NOTA GERAL | |
| Nota geral | Publicação on-line; 37 ref.; 2 illus.; Summaries (En, Pt) |
| 942 ## - ADDED ENTRY ELEMENTS (KOHA) | |
| Koha item type | Analítica |
| 520 ## - NOTA DE RESUMO | |
| Nota de conteúdo | <br/><br/>Resumo<br/><br/>Leguminosae é uma das famílias de maior riqueza específica nas restingas do Espírito Santo e Caesalpinioideae<br/>a segunda maior subfamília. O Parque Estadual Paulo César Vinha (PEPCV) representa um dos<br/>remanescentes de restinga mais preservados do estado e uma das áreas protegidas mais bem estudadas,<br/>porém estudos taxonômicos ainda são escassos. Este estudo consiste no levantamento florístico-taxonômico<br/>de Caesalpinioideae do PEPCV. Foram realizadas coletas quinzenais entre agosto/2008 a junho/2009 para<br/>obtenção de materiais férteis. Caesalpinioideae está representada por 13 táxons, reunidos em três gêneros:<br/>Chamaecrista, Hymenaea e Senna. O gênero mais representativo em número de espécies foi Chamaecrista. <br/>Três táxons são novas citações para o estado do Espírito Santo. Foram elaboradas chave de identificação<br/>dos táxons, descrições, ilustrações, comentários sobre a morfologia e a fenologia, bem como a distribuição<br/>geográfica das mesmas.<br/><br/>Palavras-chave: Espírito Santo, flora, Leguminosae, restinga, taxonomia.<br/><br/><br/><br/><br/><br/>Abstract<br/><br/>Leguminosae is one of the richest families in the restingas (sandy coastal plains) of Espirito Santo and<br/>Caesalpinioideae is the second largest subfamily. The “Parque Estadual Paulo César Vinha” (PEPCV) is<br/>one of the best preserved remnants of restinga in the state and one of the best studied protected areas, but<br/>taxonomic studies are still scarce. This study is a taxonomic-floristic survey of the Caesalpinioideae of<br/>PEPCV. Collections of fertile material were carried out every two weeks, between August 2008 and June<br/>2009. Caesalpinioideae is represented by 13 taxa grouped into three genera: Chamaecrista, Hymenaea and<br/>Senna. Chamaecrista was the most representative genus, with the largest number of species. Three taxa were<br/>recorded for the first time in the state of Espirito Santo. This study presents a key to identification of taxa,<br/>descriptions, illustrations, comments on morphology and phenology, as well as their geographic distribution.<br/><br/>Key words: Espírito Santo, flora, Leguminosae, sandy coastal plains, taxonomy |
| 650 ## - ASSUNTO - THESAGRO | |
| Cabeçalho tópico ou nome geográfico | FLORA |
| 650 ## - ASSUNTO - THESAGRO | |
| Cabeçalho tópico ou nome geográfico | LEGUMINOSAE |
| 650 ## - ASSUNTO - THESAGRO | |
| Cabeçalho tópico ou nome geográfico | RESTINGA |
| 650 ## - ASSUNTO - THESAGRO | |
| Cabeçalho tópico ou nome geográfico | TAXONOMIA |
| 773 0# - ENTRADA ANALÍTICA | |
| Host Biblionumber | 709 |
| Registro do item | 348517 |
| Imprenta | Rio de Janeiro-RJ Jardim Botanico do Rio de Janeiro 1935 |
| Outro identificador | 2025-1010 |
| Título | Rodriguésia (Brazil) |
| ISSN | 0370-6583; 2175-7860 on-line |
| Colação | v. 65(1) p. 099-112; (2014) |
| Número de controle de registro | BR2024004185 |
| 856 ## - ACESSO E ENDEREÇO ELETRÔNICO | |
| Identificador uniforme de recurso - URI | https://www.scielo.br/j/rod/a/CXRPx3RzZYNhR49VGYWrynk/?format=pdf&lang=pt |
Nenhum exemplar disponível.

BINAGRI